| 000 | 00538cgm a22002055a 4500 | ||
|---|---|---|---|
| 001 | 12119556 | ||
| 003 | SISC | ||
| 005 | 20160711144525.0 | ||
| 007 | v| |||||| | ||
| 008 | 000726s1993 xx 060 vlund | ||
| 010 | _a 00569488 | ||
| 020 | _a1417666765 | ||
| 040 |
_aDLC _cDLC _eamim |
||
| 050 | 0 | 0 | _aPA 4413.07 S66 1991 |
| 245 | 0 | 0 |
_aOedipus Rex / _cSophocles. |
| 260 |
_aNew York : _bDover Publications, _c1991. |
||
| 300 |
_avii, 54 p. ; _c21 cm. |
||
| 906 |
_a0 _bcbc _corigcop _du _encip _f20 _gy-movingim |
||
| 942 |
_2lcc _cBK |
||
| 999 |
_c296241 _d296241 |
||